| 000 | 00779nam a2200253 a 4500 | ||
|---|---|---|---|
| 001 | BRCA_7378 | ||
| 005 | 20190320205820.0 | ||
| 008 | 090313s1942----mx-#######---#000-0#spa-# | ||
| 041 | _aspa | ||
| 044 | _amx | ||
| 050 | 4 |
_aCS109 _b.N63 1942 |
|
| 245 | 1 | 0 |
_aLa nobleza colonial _búltimo tercio del siglo XVIII. |
| 260 |
_aMéxico _bAGN _c1942 |
||
| 300 | _ap. 541-589 | ||
| 440 | 0 |
_aBoletín del Archivo General de la Nación _v13(4) _918220 |
|
| 500 | _aExpediente relacionado al cobro de los derechos de títulos de nobleza | ||
| 500 | _aQ81 | ||
| 650 | 1 | 4 |
_aGenealogía _918221 |
| 651 | 4 |
_aMéxico _xGenealogía _918222 |
|
| 651 | 4 |
_aMéxico _xVida social y costumbres _9769 |
|
| 710 | 2 |
_aArchivo General de la Nación (México) _99882 |
|
| 902 | _aGFM | ||
| 942 |
_2lcc _cB |
||
| 999 |
_c7054 _d7054 |
||